[Event "Moscow op (Women)"]
[Site "Moscow"]
[Date "2012.01.31"]
[Round "4"]
[White "Fursova, Darya"]
[Black "Kutueva, Natalia"]
[Result "0-1"]
[WhiteElo "1739"]
[BlackElo "1959"]
[PlyCount "84"]
[EventDate "2012.01.28"]
[EventType "swiss"]
[EventRounds "9"]
[EventCountry "RUS"]
[SourceTitle "CBM 146 Extra"]
[Source "ChessBase"]
[SourceDate "2012.02.29"]
[SourceVersion "1"]
[SourceVersionDate "2012.02.29"]
[SourceQuality "1"]

1. d4 d5 2. Nf3 Nf6 3. Bf4 Bf5 4. e3 e6 5. Nbd2 Nbd7 6. Be2 Be7 7. c3 0-0 8. Ne5 Nxe5 9. dxe5 Nd7 10. Nb3 c5 11. Bg3 a6 12. h4 b5 13. h5 h6 14. Bf4 Qc7 15. g4 Be4 16. Rg1 Nxe5 17. g5 hxg5 18. Bxg5 Bxg5 19. Rxg5 Nc4 20. Bxc4 bxc4 21. h6 g6 22. Nd2 Qh2 23. Nxe4 Qh1+ 24. Kd2 Qxe4 25. Qg4 Qd3+ 26. Ke1 Rab8 27. Rd1 Qc2 28. Rd2 Qb1+ 29. Rd1 Qxb2 30. Rxg6+ Kh8 31. Rg5 Qxc3+ 32. Kf1 Rg8 33. h7 Rxg5 34. Qxg5 Qg7 35. Qf4 Rc8 36. Ke2 c3 37. Rc1 d4 38. exd4 cxd4 39. Kd3 e5 40. Qf5 Qg6 41. Ke4 Qxf5+ 42. Kxf5 d3 0-1

[Event "Moscow op (Women)"]
[Site "Moscow"]
[Date "2012.01.30"]
[Round "3"]
[White "Kutueva, Natalia"]
[Black "Savina, Anastasia"]
[Result "0-1"]
[WhiteElo "1959"]
[BlackElo "2337"]
[PlyCount "140"]
[EventDate "2012.01.28"]
[EventType "swiss"]
[EventRounds "9"]
[EventCountry "RUS"]
[SourceTitle "CBM 146 Extra"]
[Source "ChessBase"]
[SourceDate "2012.02.29"]
[SourceVersion "1"]
[SourceVersionDate "2012.02.29"]
[SourceQuality "1"]

1. d4 Nf6 2. Nf3 g6 3. Bf4 Bg7 4. e3 d6 5. h3 0-0 6. Bd3 Nc6 7. c3 Re8 8. Be2 Nd7 9. d5 Nce5 10. Nbd2 c6 11. dxc6 bxc6 12. 0-0 Rb8 13. Qc2 Nxf3+ 14. Nxf3 c5 15. Bc4 Rf8 16. e4 Nb6 17. Be2 Qc7 18. Rac1 a5 19. Qd2 Be6 20. c4 Nc8 21. b3 Na7 22. Qe3 f6 23. Bh6 Nc6 24. Bxg7 Kxg7 25. Bd3 Rb6 26. Nd2 Ra8 27. f4 a4 28. Bc2 axb3 29. axb3 Ra3 30. Nb1 Ra1 31. Nc3 Rxc1 32. Rxc1 Nd4 33. Ne2 Nxe2+ 34. Qxe2 Ra6 35. Qd2 Qa5 36. Qxa5 Rxa5 37. Kf2 f5 38. exf5 gxf5 39. Bd1 Ra2+ 40. Rc2 Ra1 41. Rd2 Kf6 42. Bf3 Rb1 43. Rd3 Rb2+ 44. Ke3 Bf7 45. Bc6 Bh5 46. Bf3 Be8 47. Ba8 Bh5 48. Bf3 Bxf3 49. Kxf3 h5 50. g4 h4 51. gxf5 Kxf5 52. Rd5+ e5 53. fxe5 dxe5 54. Rxc5 Rxb3+ 55. Ke2 Rxh3 56. Rc8 Ke4 57. Rh8 Kd4 58. Rh5 e4 59. c5 Rh2+ 60. Kf1 e3 61. c6 Rf2+ 62. Ke1 Rc2 63. Kd1 e2+ 64. Ke1 Ke3 65. Re5+ Kf3 66. Rf5+ Kg4 67. Rf8 h3 68. c7 h2 69. Rh8 Rxc7 70. Kxe2 Rc1 0-1

[Event "Moscow op (Women)"]
[Site "Moscow"]
[Date "2012.01.29"]
[Round "2"]
[White "Edilsultanova, Zalina"]
[Black "Kutueva, Natalia"]
[Result "0-1"]
[WhiteElo "1673"]
[BlackElo "1959"]
[PlyCount "102"]
[EventDate "2012.01.28"]
[EventType "swiss"]
[EventRounds "9"]
[EventCountry "RUS"]
[SourceTitle "CBM 146 Extra"]
[Source "ChessBase"]
[SourceDate "2012.02.29"]
[SourceVersion "1"]
[SourceVersionDate "2012.02.29"]
[SourceQuality "1"]

1. e4 c6 2. d4 d5 3. Nc3 dxe4 4. Nxe4 Bf5 5. Ng3 Bg6 6. h4 h6 7. Nf3 Nd7 8. h5 Bh7 9. Bd3 Bxd3 10. Qxd3 e6 11. Bd2 Ngf6 12. 0-0-0 Qc7 13. Ne4 0-0-0 14. g3 Nxe4 15. Qxe4 Bd6 16. c4 c5 17. Qe2 Kb8 18. Kb1 a6 19. Rc1 cxd4 20. Nxd4 Be5 21. Nb3 Rc8 22. c5 Qc6 23. Rhd1 Qb5 24. Qe3 Bf6 25. Be1 Ka8 26. f3 Nb8 27. Bf2 Nc6 28. Rd2 Rhd8 29. Rcd1 Rxd2 30. Qxd2 Rd8 31. Qe1 Rxd1+ 32. Qxd1 Qc4 33. a3 Ne5 34. Nc1 Nc6 35. Ne2 Na5 36. Nc1 Qb5 37. b3 Nc6 38. Ne2 Ne5 39. Nc1 Qa5 40. Bd4 Qd8 41. Kc2 Nxf3 42. Bxf6 Qxf6 43. Qd7 Nd4+ 44. Kd3 e5 45. g4 Qf3+ 46. Kd2 Qf2+ 47. Kc3 Qc2+ 48. Kb4 Nc6+ 49. Ka4 Qxc1 50. g5 Qxc5 51. Qc7 b5# 0-1

[Event "Moscow-chT U26 final"]
[Site "Moscow"]
[Date "2010.11.19"]
[Round "5"]
[White "Nikanova, Ekaterina"]
[Black "Kutueva, Natalia"]
[Result "0-1"]
[WhiteElo "2057"]
[BlackElo "1959"]
[PlyCount "62"]
[EventDate "2010.11.07"]
[EventType "team-tourn"]
[EventRounds "9"]
[EventCountry "RUS"]
[SourceTitle "EXT 2012"]
[Source "ChessBase"]
[SourceDate "2011.11.24"]
[SourceVersion "1"]
[SourceVersionDate "2011.11.24"]
[SourceQuality "1"]

1. e4 e6 2. d4 d5 3. Nc3 Nf6 4. Bg5 Be7 5. e5 Nfd7 6. h4 Bxg5 7. hxg5 Qxg5 8. Nh3 Qe7 9. Qg4 g6 10. 0-0-0 Nc6 11. Ng5 h5 12. Qh4 Nb6 13. Be2 Bd7 14. g4 0-0-0 15. gxh5 gxh5 16. Bxh5 Rdf8 17. f4 Nc4 18. Rd3 Qb4 19. Nd1 Qb6 20. Qf2 Nb4 21. Rdh3 Nxa2+ 22. Kb1 Nb4 23. Nxf7 Rhg8 24. Nh6 Rh8 25. Bg4 Ba4 26. c3 Bc2+ 27. Kc1 Nd3+ 28. Rxd3 Bxd3 29. Rh3 Be4 30. Qh2 Qa6 31. Nf7 Qa1# 0-1

[Event "RUS-chT U20"]
[Site "Rybinsk"]
[Date "2010.08.06"]
[Round "5"]
[White "Kutueva, Natalia"]
[Black "Vasenina, Anna"]
[Result "0-1"]
[WhiteElo "1969"]
[BlackElo "1864"]
[PlyCount "88"]
[EventDate "2010.08.02"]
[EventType "team-swiss"]
[EventRounds "9"]
[EventCountry "RUS"]
[SourceTitle "EXT 2011"]
[Source "ChessBase"]
[SourceDate "2010.11.26"]
[SourceVersion "1"]
[SourceVersionDate "2010.11.26"]
[SourceQuality "1"]

1. d4 Nf6 2. Nf3 d5 3. c4 e6 4. cxd5 exd5 5. Nc3 c6 6. Bg5 Be7 7. Qc2 g6 8. e3 Bf5 9. Bd3 Bxd3 10. Qxd3 Nbd7 11. 0-0 0-0 12. h3 Ne8 13. Bxe7 Qxe7 14. Rac1 Nd6 15. b4 a6 16. Na4 f6 17. Nc5 Nb6 18. Nd2 f5 19. Rfe1 Rae8 20. f3 Qh4 21. f4 Ne4 22. Ndxe4 fxe4 23. Qe2 Re7 24. Rf1 Nc4 25. Kh2 Kh8 26. a4 Qf6 27. Rb1 Qd6 28. Kg1 Ref7 29. Nxe4 Qe7 30. Nc3 Qxe3+ 31. Qxe3 Nxe3 32. Rf3 Nc2 33. Ne2 Re8 34. Rf2 Rfe7 35. Kf1 Ne3+ 36. Ke1 Nc4 37. Kd1 Re4 38. Rb3 Kg7 39. b5 cxb5 40. axb5 a5 41. b6 a4 42. Rb5 a3 43. Nc3 Rxd4+ 44. Kc1 Re1+ 0-1

[Event "RUS-chT U20"]
[Site "Rybinsk"]
[Date "2010.08.05"]
[Round "4"]
[White "Zlobina, Darya"]
[Black "Kutueva, Natalia"]
[Result "0-1"]
[WhiteElo "1846"]
[BlackElo "1969"]
[PlyCount "132"]
[EventDate "2010.08.02"]
[EventType "team-swiss"]
[EventRounds "9"]
[EventCountry "RUS"]
[SourceTitle "EXT 2011"]
[Source "ChessBase"]
[SourceDate "2010.11.26"]
[SourceVersion "1"]
[SourceVersionDate "2010.11.26"]
[SourceQuality "1"]

1. d4 d5 2. Nf3 c6 3. g3 Nf6 4. Bg2 Bf5 5. b3 e6 6. 0-0 Nbd7 7. Bb2 Be7 8. c4 0-0 9. Nh4 Be4 10. f3 Bxb1 11. Qxb1 g5 12. Nf5 exf5 13. Qxf5 Ne8 14. cxd5 Ng7 15. Qd3 cxd5 16. Qb5 Nb6 17. e4 a6 18. Qd3 Qd7 19. Rae1 Rad8 20. Kh1 Rfe8 21. Re2 Qb5 22. Qe3 Bf6 23. e5 Be7 24. f4 gxf4 25. gxf4 Nf5 26. Qf3 Kh8 27. Bh3 Nh4 28. Qh5 Qd3 29. Bg4 Qg6 30. f5 Qxh5 31. Bxh5 Rf8 32. a3 Rc8 33. Bg4 Rg8 34. Bh3 Rc7 35. Bc1 Rc3 36. Re3 Rgc8 37. Rxc3 Rxc3 38. Bg4 h5 39. Bxh5 Nxf5 40. Bd2 Rc2 41. Ba5 Ne3 42. Re1 Ng2 43. Rg1 Nf4 44. Bxf7 Nc8 45. h3 Bxa3 46. Rg8+ Kh7 47. Bd8 Be7 48. Re8 Bxd8 49. Rxd8 Nb6 50. e6 Rc7 51. Re8 Kg7 52. Kh2 Kf6 53. Kg3 Ne2+ 54. Kg4 Nxd4 55. h4 Nf5 56. Rh8 Nc8 57. Rh5 Nce7 58. Rh7 Rc3 59. Rh8 Rg3+ 60. Kf4 Rxb3 61. h5 Rb4+ 62. Kf3 Rh4 63. Rb8 Nd4+ 64. Kg3 Nef5+ 65. Kf2 Nxe6 66. Rxb7 Nd6 0-1

[Event "RUS-chT Clubs U18"]
[Site "Rybinsk"]
[Date "2009.08.08"]
[Round "7"]
[White "Bukhteeva, Viktoria"]
[Black "Kutueva, Natalia"]
[Result "1-0"]
[WhiteElo "2175"]
[BlackElo "1961"]
[PlyCount "81"]
[EventDate "2009.08.02"]
[EventType "team-swiss"]
[EventRounds "9"]
[EventCountry "RUS"]
[SourceTitle "CBM 131 Extra"]
[Source "ChessBase"]
[SourceDate "2009.09.03"]
[SourceVersion "2"]
[SourceVersionDate "2009.09.16"]
[SourceQuality "1"]

1. e4 e6 2. d4 d5 3. Nd2 Nf6 4. e5 Nfd7 5. Bd3 c5 6. c3 b6 7. a4 Nc6 8. Ngf3 Be7 9. 0-0 0-0 10. Re1 Bb7 11. Nf1 a6 12. Bb1 Re8 13. Bd2 Nf8 14. Bf4 c4 15. Qc1 b5 16. h4 b4 17. Re3 bxc3 18. bxc3 Na5 19. Qc2 Bxh4 20. N1d2 Be7 21. Nh2 Bc6 22. Rh3 Bg5 23. Bxg5 Qxg5 24. Nhf3 Qd8 25. Rxh7 Nxh7 26. Qxh7+ Kf8 27. Qh5 Ke7 28. Ng5 Rf8 29. Bg6 fxg6 30. Qxg6 Kd7 31. Nxe6 Qe7 32. Nxf8+ Rxf8 33. Nf3 Nb7 34. Re1 Kc7 35. Ng5 Nd8 36. a5 Kb7 37. Rb1+ Bb5 38. Qb6+ Ka8 39. Qg6 Be8 40. Qxa6+ Qa7 41. Qc8+ 1-0

[Event "RUS-chT Clubs U18"]
[Site "Rybinsk"]
[Date "2009.08.06"]
[Round "5"]
[White "Kutueva, Natalia"]
[Black "Severina, Maria"]
[Result "0-1"]
[WhiteElo "1961"]
[BlackElo "1981"]
[PlyCount "130"]
[EventDate "2009.08.02"]
[EventType "team-swiss"]
[EventRounds "9"]
[EventCountry "RUS"]
[SourceTitle "CBM 131 Extra"]
[Source "ChessBase"]
[SourceDate "2009.09.03"]
[SourceVersion "2"]
[SourceVersionDate "2009.09.16"]
[SourceQuality "1"]

1. d4 Nf6 2. Nf3 e6 3. c4 c5 4. dxc5 Bxc5 5. Nc3 0-0 6. g3 d5 7. cxd5 Qb6 8. e3 Nxd5 9. Nxd5 exd5 10. Bg2 Rd8 11. 0-0 Nc6 12. Qc2 d4 13. exd4 Nxd4 14. Nxd4 Bxd4 15. Bg5 Re8 16. Rac1 Be6 17. b3 Rac8 18. Qd2 h6 19. Bf4 Rxc1 20. Rxc1 Bg4 21. Bf1 Bf3 22. Bc7 Qf6 23. Qf4 Qxf4 24. Bxf4 g5 25. Bd2 Kg7 26. h3 Bc6 27. Bc4 Rd8 28. Kf1 Kf6 29. Bb4 Bd7 30. Kg2 Bc6+ 31. Kf1 Bd7 32. g4 Bc6 33. Re1 Be5 34. Be7+ Kxe7 35. Rxe5+ Kf8 36. Rf5 Rd7 37. Ke2 Re7+ 38. Kf1 Kg7 39. f4 Be4 40. Re5 Rxe5 41. fxe5 f6 42. exf6+ Kxf6 43. Kf2 Ke5 44. Ke3 Bg2 45. Be2 b6 46. Kf2 Be4 47. Ke3 Bb1 48. a3 Be4 49. Bf1 Bc6 50. Be2 a5 51. b4 axb4 52. axb4 Bg2 53. Kf2 Bh1 54. Ke3 Kd5 55. Ba6 Ke5 56. Be2 Bc6 57. Bf1 Bd7 58. Be2 Kd5 59. Bf1 Ba4 60. Be2 Bb3 61. Bf1 Bc4 62. Bg2+ Ke5 63. Bf3 Bf1 64. Bd1 Bxh3 65. Bf3 Bf1 0-1

[Event "Kostroma Volga Cup op"]
[Site "Kostroma"]
[Date "2009.07.??"]
[Round "3"]
[White "Ustinov, Alexey"]
[Black "Kutueva, Natalia"]
[Result "1-0"]
[WhiteElo "2146"]
[BlackElo "1961"]
[PlyCount "71"]
[EventDate "2009.07.03"]
[EventType "swiss"]
[EventRounds "9"]
[EventCountry "RUS"]
[SourceTitle "EXT 2021"]
[Source "ChessBase"]
[SourceDate "2020.10.23"]
[SourceVersion "1"]
[SourceVersionDate "2020.10.23"]
[SourceQuality "1"]

1. d4 d5 2. Nf3 c6 3. e3 Nf6 4. Bd3 Bg4 5. b3 Nbd7 6. Bb2 e6 7. Nbd2 Bd6 8. h3 Bh5 9. c4 b6 10. Qc2 Qc7 11. 0-0 0-0 12. Rac1 Rac8 13. cxd5 cxd5 14. Qxc7 Rxc7 15. Rxc7 Bxc7 16. Ba3 Re8 17. Rc1 Bb8 18. Bb5 a6 19. Bxa6 e5 20. Bb5 exd4 21. Nxd4 h6 22. Nf5 Kh7 23. Ne7 Rd8 24. g4 Bg6 25. Nxg6 fxg6 26. Be7 Rh8 27. Nf3 Ne5 28. Nd4 Ne4 29. f3 Nd6 30. f4 Nxb5 31. fxe5 Re8 32. Bb4 Na7 33. Bd6 Rd8 34. Bxb8 Rxb8 35. Rc7 Nc8 36. Ne6 1-0

[Event "Rybinsk op"]
[Site "Rybinsk"]
[Date "2009.06.19"]
[Round "9"]
[White "Kutueva, Natalia"]
[Black "Popelyshev, Igor Viktorovich"]
[Result "0-1"]
[WhiteElo "1948"]
[BlackElo "2109"]
[PlyCount "120"]
[EventDate "2009.06.14"]
[EventType "swiss"]
[EventRounds "9"]
[EventCountry "RUS"]
[SourceTitle "CBM 131 Extra"]
[Source "ChessBase"]
[SourceDate "2009.09.03"]
[SourceVersion "2"]
[SourceVersionDate "2009.09.16"]
[SourceQuality "1"]

1. d4 d5 2. c4 e6 3. Nc3 Nf6 4. cxd5 exd5 5. Bg5 Be7 6. e3 0-0 7. Qc2 Re8 8. Bd3 Nbd7 9. Nf3 c6 10. 0-0 h6 11. Bh4 Ne4 12. Bxe7 Qxe7 13. Bxe4 dxe4 14. Nd2 Nf6 15. Rae1 b6 16. f3 Ba6 17. Rf2 Bd3 18. Qd1 Rad8 19. fxe4 Bxe4 20. Ndxe4 Nxe4 21. Nxe4 Qxe4 22. Qf3 Qxf3 23. gxf3 Rxd4 24. Rc2 Rd6 25. Kf2 f5 26. Ree2 c5 27. Rc4 Kf7 28. b4 cxb4 29. Rxb4 Rd5 30. Rc4 Re7 31. e4 Rde5 32. Ke3 g5 33. h3 Ra5 34. Kf2 fxe4 35. fxe4 Ra3 36. Kg2 Re6 37. Rd4 Kg6 38. Rc4 Kh5 39. Rb4 Re5 40. Rd4 Kh4 41. Rd6 h5 42. Rd7 a5 43. Rd6 b5 44. Rd5 Rxd5 45. exd5 Rd3 46. Re4+ g4 47. hxg4 hxg4 48. Re5 Rd2+ 49. Kg1 b4 50. d6 a4 51. Rb5 Rxd6 52. Rxb4 Rd1+ 53. Kf2 Rd2+ 54. Kg1 Rxa2 55. Rb8 Kh3 56. Rg8 a3 57. Rc8 Rg2+ 58. Kf1 a2 59. Rh8+ Kg3 60. Ra8 Rb2 0-1

[Event "RUS-ch U16 Girls"]
[Site "Dagomys"]
[Date "2009.04.16"]
[Round "2"]
[White "Kutueva, Natalia"]
[Black "Fedorova, Anastasia"]
[Result "1/2-1/2"]
[WhiteElo "1948"]
[BlackElo "1648"]
[PlyCount "86"]
[EventDate "2009.04.15"]
[EventType "swiss"]
[EventRounds "9"]
[EventCountry "RUS"]
[SourceTitle "EXT 2012"]
[Source "ChessBase"]
[SourceDate "2011.11.24"]
[SourceVersion "1"]
[SourceVersionDate "2011.11.24"]
[SourceQuality "1"]

1. d4 Nf6 2. Nf3 e6 3. c4 b6 4. g3 Bb7 5. Bg2 Be7 6. 0-0 0-0 7. Nc3 c5 8. e3 Nc6 9. b3 d5 10. Bb2 Qc7 11. Qe2 Rfd8 12. Rfd1 Bf8 13. Rac1 Ne7 14. dxc5 bxc5 15. cxd5 Nexd5 16. Na4 Qa5 17. Ne5 Ba6 18. Qe1 Qxe1+ 19. Rxe1 Rac8 20. Red1 h6 21. Bf1 Bxf1 22. Kxf1 Bd6 23. Nd3 Ng4 24. Kg1 Nb6 25. Nxb6 axb6 26. e4 f6 27. f4 f5 28. Re1 Bc7 29. Rcd1 Nf6 30. exf5 exf5 31. Ne5 Bxe5 32. Bxe5 Kf7 33. Rxd8 Rxd8 34. Bc7 Rd2 35. Bxb6 Rxa2 36. Bxc5 Ne4 37. b4 Rc2 38. Bb6 Rb2 39. Ba5 Nd2 40. Re3 Nc4 41. Rc3 Rb1+ 42. Kg2 Rb2+ 43. Kg1 Rb1+ 1/2-1/2

[Event "RUS-chT Clubs U18"]
[Site "Rybinsk"]
[Date "2008.08.03"]
[Round "2"]
[White "Kutueva, Natalia"]
[Black "Zhmailo, Yana"]
[Result "1/2-1/2"]
[WhiteElo "1925"]
[BlackElo "1718"]
[PlyCount "98"]
[EventDate "2008.08.02"]
[EventType "team"]
[EventRounds "9"]
[EventCountry "RUS"]
[SourceTitle "CBM 125 Extra"]
[Source "ChessBase"]
[SourceDate "2008.09.01"]
[SourceVersion "1"]
[SourceVersionDate "2008.09.01"]
[SourceQuality "1"]

1. d4 Nf6 2. Nf3 c5 3. d5 d6 4. Nc3 g6 5. e4 Bg7 6. Be2 0-0 7. 0-0 Nbd7 8. Nd2 a6 9. a4 Rb8 10. a5 b6 11. axb6 Qxb6 12. Nc4 Qc7 13. Na5 Bb7 14. Nxb7 Qxb7 15. Bxa6 Qb4 16. Ra4 Qb6 17. Bd3 Ne8 18. Qd2 Nc7 19. b3 Ra8 20. Bb2 Rxa4 21. Nxa4 Qa7 22. Bxg7 Kxg7 23. Nb2 Ra8 24. Bc4 Qa5 25. Qxa5 Rxa5 26. Na4 Ne5 27. Be2 Nb5 28. Bxb5 Rxb5 29. f4 Nd7 30. Kf2 Kf6 31. Ra1 Ra5 32. Ra2 Nb6 33. Nc3 Rxa2 34. Nxa2 e6 35. Nc3 Ke7 36. Ke3 f5 37. h3 h6 38. dxe6 Kxe6 39. exf5+ Kxf5 40. g4+ Ke6 41. Ne4 Nd5+ 42. Kf3 Nb4 43. c4 Nc6 44. Nd2 d5 45. cxd5+ Kxd5 46. Ke3 Nd4 47. Kd3 Ne6 48. Ke3 Nd4 49. Kd3 Ne6 1/2-1/2

[Event "Anapa U18 Girls"]
[Site "Anapa"]
[Date "2007.08.??"]
[Round "8"]
[White "Kutueva, Natalia"]
[Black "Doroshenko, Diana"]
[Result "1-0"]
[WhiteElo "1933"]
[BlackElo "2080"]
[PlyCount "125"]
[EventDate "2007.08.25"]
[EventType "swiss"]
[EventRounds "9"]
[EventCountry "RUS"]
[SourceTitle "EXT 2022"]
[Source "ChessBase"]
[SourceDate "2021.10.06"]
[SourceVersion "1"]
[SourceVersionDate "2021.10.06"]
[SourceQuality "1"]

1. d4 Nf6 2. Nf3 e6 3. c4 d5 4. cxd5 exd5 5. Bg5 c6 6. Qc2 Qa5+ 7. Bd2 Qc7 8. Nc3 Bd6 9. Bg5 Qe7 10. Nxd5 Qd8 11. Nxf6+ gxf6 12. Bd2 a5 13. g3 Na6 14. a3 Be6 15. Bg2 Nc7 16. 0-0 a4 17. Nh4 Be7 18. Qd3 Qd7 19. Rac1 f5 20. Nf3 Bf6 21. Bf4 Rd8 22. e3 Nd5 23. Be5 Bxe5 24. Nxe5 Qc8 25. Qd2 f6 26. Nd3 b5 27. Nb4 Nxb4 28. Qxb4 Bc4 29. Rfe1 Qd7 30. Qc5 Bd5 31. Bxd5 cxd5 32. Qb6 0-0 33. Rc7 Qe8 34. Qb7 Qg6 35. Qxb5 Rfe8 36. Rec1 f4 37. exf4 Qh5 38. Qxa4 Qh3 39. Qa6 Re6 40. Qf1 Qf5 41. Rc8 Rxc8 42. Rxc8+ Kg7 43. Rc7+ Kg6 44. Qc1 Re2 45. Qc3 Qb1+ 46. Kg2 Rxb2 47. Qf3 Qe4 48. Qxe4+ dxe4 49. Kf1 Rb3 50. Ra7 Rd3 51. Ra4 Kf5 52. Ke2 Kg4 53. h4 Rb3 54. d5 f5 55. d6 Rb2+ 56. Ke3 Rb3+ 57. Kd4 Kf3 58. Ke5 Kxf2 59. d7 Rb5+ 60. Ke6 Rb8 61. Kxf5 e3 62. Re4 Kf3 63. Re8 1-0

[Event "Anapa U18 Girls"]
[Site "Anapa"]
[Date "2007.08.??"]
[Round "2"]
[White "Kutueva, Natalia"]
[Black "Fastova, Tatiana"]
[Result "1/2-1/2"]
[WhiteElo "1933"]
[BlackElo "2022"]
[PlyCount "122"]
[EventDate "2007.08.25"]
[EventType "swiss"]
[EventRounds "9"]
[EventCountry "RUS"]
[SourceTitle "EXT 2022"]
[Source "ChessBase"]
[SourceDate "2021.10.06"]
[SourceVersion "1"]
[SourceVersionDate "2021.10.06"]
[SourceQuality "1"]

1. d4 d5 2. c4 dxc4 3. Nf3 Nf6 4. e3 e6 5. Bxc4 c5 6. 0-0 a6 7. dxc5 Qxd1 8. Rxd1 Bxc5 9. Nc3 b5 10. Be2 Bb7 11. b3 Nbd7 12. Bb2 Rc8 13. Rac1 Ke7 14. Nd4 Rc7 15. Rd2 Rhc8 16. Nb1 Be4 17. Rcd1 Nd5 18. Nc3 Nxc3 19. Bxc3 Ba3 20. Ba5 Rc1 21. f3 Bb1 22. Kf2 Nf6 23. Bd3 Bxd3 24. Rxd3 Nd5 25. Ne2 R8c2 26. R1d2 Bb4 27. Bxb4+ Nxb4 28. Rd7+ Kf6 29. Ng3 Nxa2 30. Ne4+ Kg6 31. R7d6 Nb4 32. R6d4 Nd5 33. b4 f5 34. Nc5 Rxd2+ 35. Rxd2 Nxb4 36. Nxe6 Kf6 37. Nd4 Rc5 38. Ke2 g6 39. Rb2 Nd5 40. Kd2 Ke5 41. Ra2 Nb4 42. Rb2 a5 43. Nb3 Rd5+ 44. Ke2 Nc6 45. Rc2 Kd6 46. Ra2 a4 47. Nd2 Kc5 48. Rc2+ Kb6 49. Nb1 b4 50. Ra2 Ka5 51. Nd2 Rd7 52. Rc2 Kb5 53. Nb1 b3 54. Rc3 Ne5 55. Rc8 Rd6 56. Rb8+ Rb6 57. Nc3+ Kc4 58. Rc8+ Rc6 59. Rxc6+ Nxc6 60. Nxa4 Kb4 61. Nb2 Kc3 1/2-1/2

[Event "Rybinsk op"]
[Site "Rybinsk"]
[Date "2007.06.28"]
[Round "7"]
[White "Kutueva, Natalia"]
[Black "Buharin, Anton"]
[Result "0-1"]
[WhiteElo "1931"]
[BlackElo "2039"]
[PlyCount "72"]
[EventDate "2007.06.25"]
[EventType "swiss"]
[EventRounds "9"]
[EventCountry "RUS"]
[SourceTitle "EXT 2022"]
[Source "ChessBase"]
[SourceDate "2021.10.06"]
[SourceVersion "1"]
[SourceVersionDate "2021.10.06"]
[SourceQuality "1"]

1. d4 d5 2. c4 c6 3. Nc3 Nf6 4. e3 e6 5. Nf3 Nbd7 6. Qc2 Bd6 7. Bd3 dxc4 8. Bxc4 b5 9. Bd3 Bb7 10. 0-0 0-0 11. e4 e5 12. dxe5 Nxe5 13. Nxe5 Bxe5 14. h3 b4 15. Ne2 c5 16. f3 Rc8 17. Bc4 Qe7 18. Bf4 Bxf4 19. Nxf4 Qe5 20. Ne2 Qg5 21. Qb3 Nd7 22. Rfd1 Nb6 23. Rd6 Nxc4 24. Qxc4 Qe5 25. Rd2 Qf6 26. Rad1 Ba6 27. Qc2 Bxe2 28. Rxe2 c4 29. a3 b3 30. Qc1 c3 31. Rd3 Qb6+ 32. Ree3 c2 33. Rxb3 Rfd8 34. Rxb6 Rd1+ 35. Re1 Rxe1+ 36. Qxe1 c1Q 0-1